[Event "NATO-ch 09th"]
[Site "Portsmouth"]
[Date "1998.10.09"]
[Round "7"]
[White "Falbo, Sandro"]
[Black "Engelen, Johan HHM"]
[Result "1-0"]
[WhiteElo "2100"]
[BlackElo "1847"]
[PlyCount "82"]
[EventDate "1998.10.??"]
[EventType "swiss"]
[EventRounds "7"]
[EventCountry "ENG"]
[SourceTitle "EXT 2014"]
[Source "ChessBase"]
[SourceDate "2013.11.20"]
[SourceVersion "1"]
[SourceVersionDate "2013.11.20"]
[SourceQuality "1"]

1. Nf3 c5 2. g3 Nf6 3. Bg2 g6 4. 0-0 Bg7 5. d3 0-0 6. e4 d6 7. Nc3 Nc6 8. h3 Bd7 9. Be3 Qc8 10. Kh2 Ne5 11. Nh4 a5 12. a4 h6 13. Qc1 Kh7 14. f4 Nc6 15. Nd5 Nxd5 16. exd5 Nd4 17. Qd1 Nf5 18. Nxf5 Bxf5 19. g4 Bd7 20. f5 Bxb2 21. Be4 Be5+ 22. Kh1 Kg7 23. Qd2 Rh8 24. c3 Bf6 25. fxg6 fxg6 26. d4 c4 27. Qc2 Be8 28. Kg2 Qd7 29. Kg3 b5 30. axb5 Qxb5 31. Rfb1 Qa6 32. h4 g5 33. hxg5 hxg5 34. Rh1 Bf7 35. Qd2 Bg6 36. Bf5 Rh7 37. Rxh7+ Kxh7 38. Bxg5 Kg7 39. Rh1 Rh8 40. Rxh8 Kxh8 41. Bxg6 Qb5 1-0

[Event "Caorle op"]
[Site "Caorle"]
[Date "1988.??.??"]
[Round "5"]
[White "Falbo, Sandro"]
[Black "Jovicic, Milos"]
[Result "0-1"]
[WhiteElo "2105"]
[BlackElo "2365"]
[PlyCount "50"]
[EventDate "1988.??.??"]
[EventType "swiss"]
[EventRounds "8"]
[EventCountry "ITA"]
[SourceTitle "EXT 1999"]
[Source "ChessBase"]
[SourceDate "1998.11.16"]
[SourceVersion "1"]
[SourceVersionDate "1998.11.16"]
[SourceQuality "1"]

1. e4 c5 2. Nf3 d6 3. d4 cxd4 4. Nxd4 Nf6 5. Nc3 g6 6. Be3 Bg7 7. f3 Nc6 8. Bc4 0-0 9. Qd2 Qa5 10. 0-0-0 Bd7 11. Kb1 Ne5 12. Bb3 Rfc8 13. h4 b5 14. h5 Nc4 15. Bxc4 bxc4 16. hxg6 fxg6 17. g4 Rab8 18. Rc1 Qb4 19. b3 Rc5 20. Nde2 Ra5 21. g5 Be6 22. Nd4 Nd7 23. Nxe6 Bxc3 24. Qh2 Nf8 25. Bd4 Bxd4 0-1